[Event "Haninge"]
[Site "Haninge"]
[Date "1990.??.??"]
[Round "1"]
[White "Ftacnik, Lubomir"]
[Black "Seirawan, Yasser"]
[Result "0-1"]
[WhiteElo "2560"]
[BlackElo "2595"]
[Annotator "Ftacnik,L"]
[PlyCount "64"]
[EventDate "1990.05.??"]
[EventType "tourn"]
[EventRounds "11"]
[EventCountry "SWE"]
[EventCategory "14"]
[SourceTitle "CBM 018"]
[Source "ChessBase"]
[SourceDate "1990.10.01"]
[SourceVersion "1"]
[SourceVersionDate "1990.10.01"]
[SourceQuality "1"]

1. Nf3 d5 2. d4 c5 3. dxc5 e6 4. e4 Bxc5 5. Nc3 Ne7 $5 {N} (5... Nf6 6. Bb5+
Nc6 7. Bg5 d4 8. e5 Qb6 9. exf6 dxc3 10. fxg7 $14 {Andersson,U-Seirawan,Y/
Bruxelles WCT/1988/ ->CBM 07}) 6. Bb5+ (6. Bd3 Nbc6 7. O-O O-O $10) 6... Nbc6
7. O-O O-O 8. exd5 exd5 9. Bg5 h6 10. Bh4 (10. Bxc6 $5 bxc6 (10... hxg5 11.
Bxd5 g4 12. Ne5) 11. Na4 Bd6 12. Be3 $10) 10... a6 (10... g5 11. Bg3 f5 12.
Bxc6 bxc6 (12... Nxc6 13. Bc7 $1 Qd7 14. Qxd5+ Qxd5 15. Nxd5) 13. Na4) 11. Bxc6
bxc6 12. Na4 Ba7 (12... Bd6 13. Bg3 $10) 13. c4 $5 f6 (13... g5 14. Bg3 dxc4
15. Qc2 (15. Bd6 Re8 16. Bxe7 Qxd1 17. Raxd1 Rxe7) (15. Ne5 f5 16. h4 f4 17.
Bh2 Be6 18. hxg5 Qxd1 19. Rfxd1 hxg5 20. Rac1 Rad8 $17) (15. h4 Nf5 16. Qxd8
Rxd8 17. Bc7 Rd7 18. Bb6 Nxh4 19. Nxh4 gxh4 20. Rad1 $15) 15... Be6 16. Ne5 f5
$36) 14. cxd5 cxd5 15. Bg3 Nf5 $2 (15... Bg4 $1 $15) 16. Bc7 $1 Qd7 (16... Qxc7
17. Qxd5+ Qf7 18. Qxa8 $16) 17. Rc1 $2 (17. Bb6 $1 Qd6 (17... Bb8 18. Bc5 Re8
19. Nb6) 18. Bxa7 Rxa7 19. Rc1 d4 20. Qd3 $14) 17... Ne3 $1 18. fxe3 Bxe3+ 19.
Kh1 Bxc1 20. Nb6 (20. Qxc1 Qxa4 $19) 20... Qxc7 21. Nxa8 Qc6 22. Qxc1 Qxa8 23.
Nd4 Re8 24. Qc5 (24. Re1 $5 Bd7 $17) 24... Qb7 25. b3 (25. b4 Qf7 26. a4 {
/\ b5 <=>}) 25... Kh8 26. h3 Qf7 $1 27. Kh2 Qh5 28. Qc3 Bd7 29. Re1 Re5 30. Nf3
$2 $138 (30. Qg3 $1 Re4 31. Nf3 $17) 30... Rxe1 31. Qxe1 $6 (31. Nxe1 Bf5 {
/\ Be4}) 31... Bxh3 $1 32. Nd4 Bxg2+ {Ftacnik,L} 0-1

[Event "Haninge"]
[Site "Haninge"]
[Date "1990.??.??"]
[Round "4"]
[White "Andersson, Ulf"]
[Black "Ftacnik, Lubomir"]
[Result "1-0"]
[WhiteElo "2630"]
[BlackElo "2560"]
[Annotator "Ftacnik,L"]
[PlyCount "73"]
[EventDate "1990.05.??"]
[EventType "tourn"]
[EventRounds "11"]
[EventCountry "SWE"]
[EventCategory "14"]
[SourceTitle "CBM 018"]
[Source "ChessBase"]
[SourceDate "1990.10.01"]
[SourceVersion "1"]
[SourceVersionDate "1990.10.01"]
[SourceQuality "1"]

1. Nf3 g6 2. d4 Nf6 3. g3 Bg7 4. Bg2 O-O 5. O-O d5 6. Nbd2 Na6 7. Nb3 $1 (7. c4
c5 (7... dxc4 8. Nxc4 c5) 8. cxd5 Nxd5 9. dxc5 Nxc5 10. Nb3 Na4 11. Nbd4 Ndb6
12. b3 $1 Nc3 13. Qc2 Nb5 14. e3 $10 {Fries_Nielsen-Ftacnik, BRD 1989}) 7... c6
(7... Bf5 $22 8. Na5 c6 9. Nxb7 Qb6 10. Nc5 Nxc5 11. dxc5 Qxc5) 8. Bf4 Re8 (
8... Ne4 9. Nfd2 Nd6 10. e4 Nxe4 11. Nxe4 $14 {Polugajevskij-Ftacnik, Haninge
1990}) (8... Bf5 $5 9. Rc1 Be4) 9. Rc1 (9. Nfd2 Nh5 10. Bg5 f6 11. Be3 e5) 9...
Bf5 (9... Ne4 $5 10. c4 dxc4 11. Rxc4 Be6 12. Rc1 Bd5) 10. Ne5 $1 (10. c4 dxc4
11. Rxc4 Nd7 $132) 10... Nd7 (10... Nh5 $5 11. Be3 (11. c4 f6 12. Nd3 $14)
11... f6 12. Nf3 e5 13. h3 $14) 11. Re1 Nxe5 (11... f6 12. Nxd7 Qxd7 13. e4
dxe4 14. Bxe4 $14) 12. dxe5 f6 (12... Nc7 13. Nd4 Bd7 14. c4 $14) 13. exf6 Bxf6
(13... exf6 14. Nd4 Bd7 15. c4 dxc4 16. Qa4 $14) 14. e4 $1 dxe4 15. c3 (15. Qe2
$5 Bxb2 16. Rcd1 Qc8 17. c3 Ba3 18. Bxe4 $40) 15... Qxd1 (15... Qd5 16. Qe2) (
15... e5 16. Bh6 Bg7 17. Bxg7 Kxg7 18. Bxe4 $16) 16. Rcxd1 Rad8 17. Rxd8 (17.
Bf1 $5) 17... Rxd8 18. Bxe4 Bxe4 (18... Kf7 19. Na5 Bxe4 20. Rxe4 Rd7 21. Be3
c5 $14) 19. Rxe4 Rd5 (19... Rd1+ 20. Kg2 Rb1 21. Re2 b6 (21... Kf8 22. Be3 b6
23. Nd4 $16) 22. Nd4 Bxd4 23. cxd4 Nb4 $1 (23... Kf7 24. a3 $16) 24. Rxe7 Nd5
25. Re2 Nxf4+ 26. gxf4 $14) 20. Ra4 $5 (20. Kg2 Nc5 $10) 20... Kf7 (20... Nc5
21. Nxc5 (21. Rxa7 Nxb3 22. axb3 Rd1+ 23. Kg2 Rb1 24. Rxb7 Rxb2 $132) 21...
Rxc5 22. Rxa7 Rb5 23. Bc1 Bxc3 24. bxc3 Rb1 25. Kg2 Rxc1 26. Rxb7 $16) (20...
Rd1+ $1 21. Kg2 Rb1 22. Bc1 c5 23. Kf3 b5 $1 (23... Nc7 24. Ke2 b5 25. Rxa7 c4
26. Kd1 cxb3 27. axb3 Nd5 28. Kc2 Rxc1+ 29. Kxc1 $16) 24. Rxa6 c4 25. Nc5 (25.
Ke2 cxb3 26. Kd2 Bxc3+ $1 27. bxc3 b2 $10) 25... Rxc1 26. Ne4 Rc2 $10) (20...
Kf8 $5) 21. Kf1 Ke8 (21... Nc5 22. Rxa7 Nxb3 23. axb3 Rd1+ 24. Kg2 Rb1 25. Rxb7
Rxb2 26. Bd6 $1 Ke6 27. Bc5 $18) (21... Rd1+ 22. Ke2 Rb1 23. Bc1 Nc5 24. Nxc5
Rxc1 25. Nd3 $1 $16) 22. Ke2 Kd7 23. Be3 c5 24. Re4 (24. Nd2 $1 Kc8 25. Nf3 h5
26. g4 $1 Kb8 27. Rf4 $16) 24... Kc8 25. g4 b6 26. Nd2 Nc7 27. Nf3 Kd7 (27...
g5 28. c4 $18) 28. g5 Bg7 29. Rh4 Ne6 30. Rxh7 Ke8 31. Rh4 Nd8 $138 32. Re4 Kf7
33. Rf4+ Ke8 34. Ra4 Nc6 35. Nh4 Rd6 (35... Kf7 36. Rf4+ Ke8 37. Re4 Kf7 38.
Nxg6 $1 $18) 36. f4 a5 37. Re4 $18 {Time; Ftacnik,L} 1-0

[Event "Graz zt"]
[Site "Graz"]
[Date "1993.??.??"]
[Round "4"]
[White "Schlosser, Philipp"]
[Black "Schroll, Gerhard"]
[Result "1-0"]
[WhiteElo "2520"]
[BlackElo "2420"]
[Annotator "Ftacnik,L"]
[PlyCount "43"]
[EventDate "1993.03.??"]
[EventType "tourn"]
[EventRounds "13"]
[EventCountry "AUT"]
[EventCategory "8"]
[SourceTitle "CBM 035"]
[Source "ChessBase"]
[SourceDate "1993.08.01"]
[SourceVersion "1"]
[SourceVersionDate "1993.08.01"]
[SourceQuality "1"]

1. d4 Nf6 2. Nf3 e6 3. g3 c5 4. Bg2 cxd4 5. Nxd4 d5 6. O-O e5 7. Nb3 Nc6 8. Bg5
Be6 9. Nc3 d4 10. Ne4 Be7 (10... Bxb3 11. axb3 Be7 12. Bxf6 Bxf6 13. Qd3 O-O
14. Nc5 Qc8 15. Be4 g6 16. Nxb7 Qxb7 17. Qf3 Qe7 18. Bxc6 Rac8 19. Ra6 Bg7 20.
Rfa1 Rc7 21. Qd5 Rfc8 22. c3 dxc3 23. bxc3 e4 24. Qxe4 $16 {Mochalov,
E-Ikonnikov,V/Budapest Festival (8)/1991/}) 11. Nec5 (11. Bxf6 gxf6 (11... Bxf6
12. Nbc5 Bc8 13. c3 Be7 14. cxd4 exd4 15. Rc1 O-O 16. Nd3 Qb6 17. Nec5 Bxc5 18.
Rxc5 Nb4 19. Qb3 a5 20. a4 Be6 21. Qa3 Bd7 22. Rfc1 Rac8 23. Rxc8 Rxc8 24.
Rxc8+ $10 {Bischoff,K-Landenbergue,C/SWZ-chI (07)/1992/}) 12. Nec5 (12. c3 dxc3
13. Nxc3 f5 (13... h5 14. Bd5 f5 15. e4 Qd7 16. exf5 Bxf5 17. Qf3 Be6 18. Bxe6
Qxe6 19. Rad1 f5 20. Nb5 Rc8 21. Rfe1 Qf6 22. Qd5 Kf8 23. Nc5 Bxc5 24. Qxc5+
$16 {Simic,R-Agzamov,G/Stara Pazova/1983/}) 14. e4 Qxd1 15. Rfxd1 fxe4 16. Bxe4
Rc8 17. Bd5 Bxd5 18. Rxd5 Rd8 19. Rad1 Rxd5 20. Nxd5 f5 21. Ne3 Rf8 22. Rd5 Rf6
23. Nc4 e4 24. Rb5 $13 {Kochiyev,A-Balashov,Y/Moscow GMA-op (9)/1989/}) 12...
Bc8 13. f4 Bxc5 14. Nxc5 Qe7 15. Ne4 f5 16. Nd2 e4 17. Nb3 Qf6 18. Qd2 O-O 19.
g4 Rd8 20. g5 Qe7 21. Qe1 Nb4 22. Rc1 Nd5 23. h4 Ne3 24. Rf2 $17 {Alvarez,
T-Song,P/New York op (6)/1993/}) (11. Nxf6+ Bxf6 12. Bxf6 Qxf6 13. f4 Rd8 14.
Nc5 Bc8 15. Ne4 Qg6 16. Qd3 {0,5/Nemeth,Z-Lengyel,Le/HUN-chT/1991/}) 11... Bxb3
(11... Bc8 12. e3 O-O 13. exd4 exd4 14. Re1 h6 15. Bf4 Nd5 16. Bd2 Nc7 17. Qh5
Ne8 18. Qd5 Bd6 19. Bf4 Bxf4 20. Qxd8 Nxd8 21. gxf4 Ne6 22. Nxe6 fxe6 23. Nxd4
Nc7 24. Rad1 $14 {Speelman,J-Rogers,I/BCF-ch/1987/}) 12. Nxb7 $1 (12. Nxb3 h6
13. Bxf6 Bxf6 14. e3 dxe3 15. fxe3 O-O $13) 12... Qb6 13. cxb3 $1 (13. Bxc6+
Qxc6 14. Na5 Qxc2 15. axb3 Qxd1 16. Rfxd1 h6 $13) 13... Rc8 (13... Qxb7 14. Rc1
Rc8 15. Qc2 e4 16. Bxf6 d3 17. exd3 Bxf6 18. Bxe4 Kd7 19. Qc4 $18) 14. Rc1 O-O
15. Bxf6 (15. Rxc6 Rxc6 16. Bxc6 Qxc6 17. Na5 Qa6 18. Nc4 h6 19. Bc1 e4 20.
Qxd4 Qxa2 $14) 15... gxf6 (15... Bxf6 16. Nd6 Rc7 17. Qc2 Rd7 18. Nc4 Qa6 19.
Qf5 $18) 16. Qc2 d3 (16... Qxb7 17. Bxc6 Qa6 18. Qe4 Qxa2 19. Qg4+ Kh8 20. Be4
Rxc1 21. Qf5 $1 Rxf1+ 22. Kxf1 $18) 17. Qxd3 (17. exd3 Nd4 18. Qxc8 Rxc8 19.
Rxc8+ Kg7 $14) 17... Qxb7 18. Qf5 Rfd8 (18... Nd4 $2 19. Qg4+) 19. Rc4 Kf8 (
19... Rd6 20. Rfc1 Kf8 21. Qxh7 Ke8 22. Qc2) 20. Qxh7 Ke8 21. Rfc1 Rd6 22. Qc2
1-0

[Event "Interzonal-14c"]
[Site "Zagreb"]
[Date "1987.??.??"]
[Round "7"]
[White "Hulak, Krunoslav"]
[Black "Nogueiras Santiago, Jesus"]
[Result "1-0"]
[WhiteElo "2495"]
[BlackElo "2555"]
[Annotator "Ftacnik,L"]
[PlyCount "71"]
[EventDate "1987.08.01"]
[EventType "tourn"]
[EventRounds "17"]
[EventCountry "YUG"]
[EventCategory "12"]
[SourceTitle "CBM 004"]
[Source "ChessBase"]
[SourceDate "1988.06.01"]
[SourceVersion "1"]
[SourceVersionDate "1988.06.01"]
[SourceQuality "1"]

1. d4 d5 2. Nf3 e6 3. Bg5 Be7 4. Bxe7 Qxe7 5. Nbd2 Nf6 6. e3 O-O (6... Nbd7 7.
Bd3 e5 $1 $10) 7. Bd3 Nbd7 8. Ne5 (8. O-O e5 $10) 8... Qb4 $6 (8... Nxe5 $142
9. dxe5 Nd7 {/\ f6=}) 9. Qb1 $1 Nxe5 10. dxe5 Ng4 11. c3 Qe7 12. Bxh7+ Kh8 13.
Bc2 Qh4 (13... Nxe5 14. Qd1 $16) 14. g3 Qh3 15. Qd1 $16 Nxe5 (15... Qg2 16. Qf3
$18) 16. Qe2 Ng4 (16... Bd7 $142) 17. O-O-O Bd7 18. Nf3 f5 19. Nh4 $1 Be8 20.
f3 Nf6 21. Bd3 $1 a6 $1 (21... g5 22. Qc2 {/\ Bf1+-}) 22. Qc2 Bb5 23. c4 $1
Bxc4 24. Bxc4 dxc4 25. Ng6+ Kh7 26. Nxf8+ Rxf8 27. Rd4 g5 28. Qxc4 Kg6 29. Rd2
$18 Qh5 30. Rf1 g4 31. fxg4 Qxg4 32. Rf4 Qh5 33. g4 fxg4 34. Qxe6 Qc5+ 35. Rc2
Qd6 36. Rxg4+ 1-0

[Event "Lippstadt"]
[Site "Lippstadt"]
[Date "1994.??.??"]
[Round "8"]
[White "Gostisa, Leon F"]
[Black "Luther, Thomas"]
[Result "0-1"]
[WhiteElo "2410"]
[BlackElo "2515"]
[Annotator "Ftacnik,L"]
[PlyCount "38"]
[EventDate "1994.06.??"]
[EventType "tourn"]
[EventRounds "11"]
[EventCountry "GER"]
[EventCategory "8"]
[SourceTitle "CBM 043"]
[Source "ChessBase"]
[SourceDate "1994.12.01"]
[SourceVersion "1"]
[SourceVersionDate "1994.12.01"]
[SourceQuality "1"]

1. d4 e6 2. Nf3 d5 3. g3 Nf6 4. Bg2 c5 5. O-O cxd4 6. Nxd4 Be7 7. c4 O-O 8.
cxd5 Nxd5 9. Qb3 (9. e4 Nb4 10. a3 (10. Nc3 N8c6 11. Nxc6 Nxc6 12. Be3 Qa5 (
12... Qxd1 13. Rfxd1 Bf6 14. f4 Bxc3 15. bxc3 e5 16. f5 b6 17. c4 Ba6 18. c5
bxc5 19. Bxc5 Rfd8 20. Rac1 Rac8 21. Be3 Bb7 22. Rd5 f6 23. Rb5 Ba8 24. Rbc5
$14 {Dovzsik,J-Izsak,G/Budapest Spring op (4)/1990/0.5 (39)}) (12... Bf6 13. f4
Bxc3 14. bxc3 b6 15. Qe2 {Ninov,K-Nikolic,Zi/Belgrade GMA-op/1988/0.5 (15)})
13. Qb3 b6 14. e5 Bb7 15. Nb5 Rab8 16. Nd6 Bxd6 17. exd6 Qh5 18. Qd1 {Maiwald,
J-Luther,T/GER-ch (06)/1993/0.5 (18)}) 10... N8c6 11. Nxc6 Nxc6 12. Be3 Bf6 13.
Ra2 Bd4 14. Bxd4 Nxd4 15. e5 Qb6 16. b4 a5 17. Nd2 Qc7 18. Ne4 Nc6 19. b5 Nxe5
20. Rc2 Qb6 21. Qd6 Qxd6 22. Nxd6 Bd7 23. Rc7 Rfd8 24. f4 {Itkis,B-Musat,A/
Bucharest (07)/1993/1-0 /25}) (9. Nd2 b6 $1 10. e4 Nb4 11. e5 Qxd4 $1 12. Bxa8
Ba6 13. Nf3 $8 Qc4 14. Bd2 $1 Qxf1+ 15. Qxf1 Bxf1 16. Kxf1 Nd3 17. Bc3 Nc5 18.
Rd1 $6 Rc8 $1 19. Nd4 Na4 20. Ne2 Nxc3 21. Nxc3 f6 $2 22. exf6 gxf6 23. Be4 f5
24. Bc2 $10 {Romanishin,O-Lau,R/Muenchen/1992/1/2-1/2/47/}) 9... Na6 $146 (9...
Qb6 10. Qxb6 Nxb6 11. Nb5 N8d7 12. N1c3 a6 13. Nd4 e5 14. Nb3 f5 15. Rd1 Nf6
16. Na5 Rb8 17. Be3 Nbd7 18. Nd5 Bc5 19. Bxc5 Nxc5 20. Rac1 Nce4 21. Ne7+ Kf7
22. Rc7 Ke6 23. Rdc1 Bd7 24. Nxf5 $16 {Abolina,L-Schroecker,M/Duisburg
WchJW-U16 (10)/1992/0.5 (50)}) 10. a3 $6 (10. Rd1 Nc5 11. Qf3 $13) 10... Nc5
11. Qc2 Bd7 12. e4 (12. b4 Na4 $1) 12... Nb6 13. Nc3 Rc8 14. Bf4 $2 (14. Rd1 $1
$10) 14... Ba4 $1 15. Nxa4 (15. Qd2 Nc4 16. Qe2 Qxd4 $19) 15... Ncxa4 16. Qd1 (
16. Qd2 Nc4 17. Qc2 Ncxb2 18. Qd2 e5 19. Bxe5 Nc4 20. Qc2 Nxe5 21. Qxa4 Rc4 $19
) 16... Nxb2 17. Qd2 N2c4 18. Qc3 Nxa3 (18... e5 19. Nf5 Na4 20. Qb3) 19. Qb2
Nac4 (19... Nac4 20. Qc3 g5 21. Be3 Nxe3 22. Qxe3 Bc5 23. Rfd1 e5 24. Nc6 Qxd1+
25. Rxd1 Bxe3 26. Ne7+ Kg7 27. Nxc8 Bxf2+ 28. Kxf2 Rxc8 $19) 0-1

[Event "Toronto1"]
[Site "Toronto"]
[Date "1990.??.??"]
[Round "7"]
[White "Kovacevic, Vlatko"]
[Black "O'Donnell, Tom"]
[Result "1-0"]
[WhiteElo "2540"]
[BlackElo "2410"]
[Annotator "Ftacnik,L"]
[PlyCount "97"]
[EventDate "1990.04.??"]
[EventType "tourn"]
[EventRounds "11"]
[EventCountry "CAN"]
[EventCategory "9"]
[SourceTitle "CBM 020"]
[Source "ChessBase"]
[SourceDate "1991.02.01"]
[SourceVersion "1"]
[SourceVersionDate "1991.02.01"]
[SourceQuality "1"]

1. d4 d5 2. Nf3 e6 3. Bf4 Nf6 4. e3 Be7 5. Nbd2 O-O 6. Bd3 b6 7. Ne5 Bb7 8. Qf3
Nbd7 9. h4 Nxe5 (9... c5 10. O-O-O Rc8 11. g4 $40) 10. dxe5 Nd7 11. O-O-O Nc5
12. Bxh7+ $5 Kxh7 13. Qh5+ Kg8 14. Nf3 f6 (14... g6 $2 15. Qh6 Re8 16. Ng5 $18)
15. Ng5 $1 fxg5 16. hxg5 Rf5 $8 (16... Bxg5 17. Bxg5 Qe8 18. Qh7+ Kf7 19. Rh6
$40) (16... Rxf4 17. exf4 Qe8 18. Qh8+ Kf7 19. g6+ Kxg6 20. Qh5#) 17. g4 Rxg5
18. Bxg5 Bxg5 19. f4 (19. Qh8+ Kf7 20. Qh5+ Kg8) 19... Bh6 (19... Be7 20. g5) (
19... Ne4 $2 20. fxg5 Nxg5 21. Rdf1 $18) 20. g5 Qe8 21. Qh4 Kh7 (21... Kf7 22.
gxh6 gxh6 23. Rdg1 $40) 22. Rdg1 Ne4 (22... d4 $2 23. gxh6 Bxh1 24. hxg7+ Kg8
25. Qh8+ Kf7 26. g8=Q+ Qxg8 27. Qf6+ $18) 23. Rg4 (23. gxh6 g6) 23... d4 24.
gxh6 g5 (24... g6 25. Rhg1 $40) 25. fxg5 Qg6 26. exd4 Nf2 $1 27. Rf1 (27. Qxf2
Bxh1 28. Qf6 Re8) 27... Nxg4 28. Qxg4 Rg8 29. Rf6 $1 Qxg5+ 30. Qxg5 Rxg5 31.
Rxe6 Be4 32. Re7+ Kxh6 33. Rxc7 a5 34. c4 Rg2 35. b3 Kg6 (35... Rxa2 36. d5)
36. e6 (36. d5 Kf5 37. e6 Ke5) 36... Kf6 37. d5 Rg8 38. Rb7 Ke5 $1 39. Rxb6 Kd4
40. e7 Kc3 (40... Rg1+ 41. Kb2 Rg2+ 42. Ka3 Bb1 43. Ka4 Rxa2+ 44. Kb5 Re2 45.
d6 Bf5 46. c5 $18) 41. Kd1 Kd3 (41... Bd3 42. Re6 Rg1+ 43. Re1 Bc2+ 44. Ke2 $18
) 42. Ke1 Ke3 43. Rf6 $1 a4 (43... Bd3 44. Re6+ Be4 45. Rxe4+ Kxe4 46. d6 Ke3
47. Kf1 Kf3 48. d7 Rh8 49. Ke1 Ke3 50. e8=Q+ $18) 44. b4 a3 45. b5 Rc8 46. Ra6
$1 Rh8 47. Rxa3+ Bd3 48. Rxd3+ Kxd3 49. Kf2 {Ftacnik,L} 1-0

[Event "San Martin"]
[Site "San Martin"]
[Date "1995.??.??"]
[Round "8"]
[White "Larsen, Bent"]
[Black "Garbarino, Rodolfo"]
[Result "1-0"]
[WhiteElo "2505"]
[BlackElo "2420"]
[Annotator "Ftacnik,L"]
[PlyCount "51"]
[EventDate "1995.03.??"]
[EventType "tourn"]
[EventRounds "13"]
[EventCountry "ARG"]
[EventCategory "10"]
[SourceTitle "CBM 048"]
[Source "ChessBase"]
[SourceDate "1995.10.01"]
[SourceVersion "1"]
[SourceVersionDate "1995.10.01"]
[SourceQuality "1"]

1. Nf3 {Giese} d5 2. g3 Nc6 3. d4 Bg4 4. Bg2 Qd7 5. c4 e6 6. O-O (6. cxd5 exd5
7. Nc3 O-O-O 8. Bf4 f6 9. h3 Be6 10. Nb5 Bb4+ 11. Kf1 Ba5 12. h4 Nge7 13. Rc1
Bb6 14. a3 g6 15. b4 $36 {Petursson,M-Fioramonti,H/Lyon op (3)/1990/0.5 (25)})
6... Nge7 (6... O-O-O 7. Be3 (7. Nc3 dxc4 (7... h5 8. h4 Nge7 9. Qa4 Kb8 10.
Be3 Nf5 11. cxd5 Bxf3 12. Bxf3 Ncxd4 13. Qxd7 Rxd7 14. Bxd4 Nxd4 15. dxe6 Nxe6
16. Rad1 $14 {Pigusov,E-Garcia,N/ESP-chT/1994/1-0 (42)}) 8. Qa4 Bb4 (8... Kb8
9. Rd1 Bxf3 10. Bxf3 Nb4 11. Qa5 Nf6 (11... b6 12. Qe5 Nf6 13. Bg2 h6 14. Qf4
Nfd5 15. Qd2 f5 16. f3 Nf6 17. Rb1 c5 18. e3 cxd4 19. exd4 Nd3 20. Ne2 e5 21.
Qc2 exd4 22. Qxc4 Nxc1 23. Rbxc1 d3 24. b4 Rc8 {0.5/Spassov-Thiec/Badalona op 
(4)/1993/}) 12. a3 Nbd5 13. e4 b6 14. Qa6 Nxc3 15. bxc3 Qc6 16. a4 Nxe4 17. a5
f5 18. axb6 axb6 19. Bf4 Qb7 20. Qxc4 Bd6 21. Qxe6 Rde8 22. Qd7 Bxf4 23. gxf4
Rhf8 $13 {Loginov,V-Wells,P/Harkany op (05)/1994/0.5 (40)}) 9. Ne5 Nxe5 10.
Qxa7 c6 11. Bf4 Bd6 12. Qa8+ Kc7 13. Nb5+ Kb6 14. Qa7+ Kxb5 15. a4+ {1-0/
Kumaran,D-Miles,A/Dublin zt (08)/1993/}) 7... Nge7 8. Nbd2 f6 9. b4 Nxb4 10.
Rb1 Na6 11. Qb3 c6 12. Qa4 Nf5 13. Bf4 g5 14. Qxa6 gxf4 15. Qxa7 Qc7 16. cxd5
exd5 17. Rfc1 fxg3 18. hxg3 Bh6 19. Rb2 $14 {Spassov,L-Semkov,S/Sitges op (07)/
1992/1-0 (29)}) 7. Nc3 h5 $2 (7... O-O-O) 8. b4 $1 dxc4 (8... Nxb4 9. Ne5 Qd6
10. Qa4+ $16) 9. b5 Bxf3 (9... Nd8 10. Ne5) 10. Bxf3 {[%csl Rb7] A dream
prospect for B since the position becomes more open.} Nxd4 11. Bxb7 Rb8 12. Bg2
g6 (12... Nxb5 13. Rb1 c6 14. a4 $16) 13. Rb1 Bg7 14. Ba3 $1 h4 (14... O-O $2
15. e3 $18) 15. e3 Ndf5 16. Bc6 $1 Nxc6 17. bxc6 {[%cal Gb1b8,Gd1d7]} Qxd1 (
17... Qc8 18. Rxb8 Qxb8 19. Qd7#) 18. Rxb8+ $1 {[%cal Gb8h8,Ga3f8]} Qd8 19.
Rfb1 {[%cal Yb8d8,Yb1b8] Elegant combination based on a mating attack.} Bf6 (
19... Ne7 20. Rxd8+ Kxd8 21. Rb8+ Nc8 22. Nb5 {[%csl Rc8][%cal Yb5a7]} f6 23.
Nxa7 $18) (19... Nd6 20. Bxd6 cxd6 21. c7 $18) (19... Bxc3 $2 20. Rxd8+ Kxd8
21. Rb8#) 20. Ne4 Be7 21. Rxd8+ Bxd8 (21... Kxd8 22. Rb8#) 22. g4 {[%csl Yd6,
Ye7]} Nh6 (22... Ne7 {Giese} 23. Bb2 O-O (23... Rg8 24. Nf6+ $18) (23... Rh6
24. Bg7 f5 25. Ng5 $18) 24. Nf6+ Kg7 25. Nd7+ $18) (22... Nd6 {Giese} 23. Bxd6
cxd6 24. Rb7 $1 d5 (24... O-O 25. Nxd6 {[%csl Rc4][%cal Yc6c7]} Bc7 (25... c3
26. c7 c2 27. c8=Q $18) 26. Nxc4 $18) 25. Nd6+ Kf8 26. Nxf7 c3 27. c7 Bxc7 28.
Nxh8 Bd6 29. Nxg6+ Ke8 30. Rb3 Bb4 31. Ne5 $18 {[%cal Ye5d3]}) 23. Rb8 {
[%csl Rd8]} Nxg4 (23... f5 24. Nd6+ {Giese} Ke7 (24... cxd6 25. c7 Kd7 26.
c8=Q+ $18) 25. Nb7+ {[%csl Rd8]} Kf6 (25... Kf7 26. Nxd8+ Kf6 27. g5+ $18) 26.
Bb2+ e5 27. g5+ Kxg5 28. Bxe5 Re8 29. Rxd8 Rxe5 30. f4+ $18) 24. h3 $1 {
[%csl Rf6]} f5 (24... c3 25. hxg4 f5 26. Nd6+ $18) (24... Ne5 {Giese} 25. Nf6#)
25. Nd6+ $1 Ke7 (25... cxd6 26. c7 {[%cal Yc7c8]} Ke7 27. c8=Q $18) 26. hxg4 {
[%csl Rh8]} (26. hxg4 cxd6 27. c7 Bxc7 28. Rxh8 $18) 1-0

[Event "Tilburg"]
[Site "Tilburg"]
[Date "1994.??.??"]
[Round "2"]
[White "Ribli, Zoltan"]
[Black "Luther, Thomas"]
[Result "0-1"]
[WhiteElo "2605"]
[BlackElo "2510"]
[Annotator "Ftacnik,L"]
[PlyCount "82"]
[EventDate "1994.09.??"]
[EventType "k.o."]
[EventRounds "7"]
[EventCountry "NED"]
[SourceTitle "CBM 044"]
[Source "ChessBase"]
[SourceDate "1995.02.01"]
[SourceVersion "1"]
[SourceVersionDate "1995.02.01"]
[SourceQuality "1"]

1. Nf3 d5 2. g3 Nf6 3. Bg2 e6 4. O-O Be7 5. d4 b5 6. a4 (6. b3 Ba6) 6... b4 7.
Nbd2 (7. c4 bxc3 8. bxc3 Ba6 $10) 7... O-O 8. Ne5 (8. c4 bxc3 9. bxc3 c5 $5)
8... c5 9. dxc5 (9. c3 Nfd7 $13) 9... Bxc5 10. e4 Ba6 11. Re1 Qb6 (11... Bxf2+
$2 12. Kxf2 Qb6+ 13. Re3 $1 $18 (13. Kf3 dxe4+ 14. Nxe4 Nxe4 15. Rxe4 Bb7 $40))
12. Qf3 Nc6 $1 (12... dxe4 13. Nxe4 Nxe4 14. Rxe4 Bb7 15. Qe2 $10) 13. Nxc6 (
13. exd5 Nd4 14. Qd1 Nxc2 15. Ndc4 Bxf2+ 16. Kh1 Bxc4 17. Nxc4 Qa6 18. Qxc2
Bxe1 19. dxe6 Rac8 20. exf7+ Rxf7 $17) 13... Qxc6 14. exd5 Nxd5 15. c4 bxc3 16.
bxc3 Qc7 (16... Be7 $6 17. c4 $1 Bxc4 18. Bb2 Rab8 19. Be5 Rb4 20. Bc3 Be2 21.
Qxe2 Qxc3 22. Bxd5 Rb2 23. Rad1 exd5 24. Qxe7 Rxd2 25. Rc1 Rc2 (25... Qf3 $4
26. Qxf8+ $1) 26. Rxc2 Qxc2 27. Qxa7 $10) 17. c4 Nb4 (17... Bd4 $5 18. cxd5
Bxa1 19. Ba3 Bd4 $15) 18. Bb2 Rad8 19. Ne4 (19. Qg4 $2 Bxf2+ 20. Kxf2 f5 $19) (
19. Qc3 e5 20. Rxe5 Bd4 21. Qxb4 Bxe5 $17) 19... Bd4 (19... Nd3 $2 20. Nf6+ $1
Kh8 (20... gxf6 21. Qg4+ Kh8 22. Bxf6#) 21. Qe4 g6 22. Qh4 h5 23. Ne8+ $18) 20.
Bxd4 Rxd4 21. c5 Nc2 22. Red1 Rxe4 23. Qxe4 Nxa1 24. Rxa1 Qxc5 $17 25. Rd1 h6
26. h4 (26. Qd4 Qxd4 27. Rxd4 Rc8 $19) 26... Qc7 27. Qd4 (27. Qc6 Qxc6 28. Bxc6
Rc8 29. Bb5 Bb7 $1 $17) 27... Rc8 28. Qd7 $2 Be2 $1 29. Rd2 Qxd7 30. Rxd7 Rc1+
31. Kh2 a6 32. Rd2 Bd1 33. a5 (33. Ra2 a5 $17) (33. Rd6 a5 34. Ra6 Rc5 35. Bc6
Be2 36. Ra8+ Kh7 37. Be8 Bf3 38. Ra7 f5 $19) 33... Ra1 34. Bb7 g5 35. hxg5 hxg5
36. f3 $6 (36. Bxa6 Bf3 37. g4 Bxg4 38. Rd4 Bf5 $19) (36. f4 $1 Bh5 (36... g4
37. Kg2 Bb3 38. Bxa6 Bd5+ 39. Kf2 Rxa5 40. Be2 $15) 37. fxg5 Rxa5 $19) 36...
Bb3 37. Bxa6 Bd5 38. Be2 (38. Rf2 g4 39. Be2 Kg7 40. a6 f5 41. a7 Kf6 42. a8=Q
Bxa8 $19) 38... g4 39. Kg2 Rxa5 40. Kf2 Bxf3 41. Bxf3 Rf5 (41... Rf5 42. Rd3
Rxf3+ 43. Rxf3 gxf3 44. Kxf3 Kg7 $19) 0-1